|
|
|
|
| LEADER |
00000nam0a2200000 4500 |
| 001 |
356736 |
| 005 |
20231102010925.0 |
| 035 |
|
|
|a (RuTPU)RU\TPU\retro\13996
|
| 090 |
|
|
|a 356736
|
| 100 |
|
|
|a 20200723d1977 k y0rusy50 ca
|
| 101 |
0 |
|
|a rus
|
| 102 |
|
|
|a BY
|
| 105 |
|
|
|a a z 001zy
|
| 200 |
1 |
|
|a Тепло-и массоперенос при интенсивном лучистом и конвективном нагреве
|e сборник научных трудов
|f Академия наук Белорусской ССР, Институт тепло- и массообмена им. А. В. Лыкова ; под ред. Р. И. Солоухина
|
| 210 |
|
|
|a Минск
|c [Б. и.]
|d 1977
|
| 215 |
|
|
|a 150 с.
|c ил.
|
| 320 |
|
|
|a Библиография в конце статей
|
| 606 |
|
|
|a Теплообмен лучистый
|x Физика
|2 stltpush
|3 (RuTPU)RU\TPU\subj\59767
|9 77266
|
| 610 |
1 |
|
|a высокотемпературный воздух
|
| 610 |
1 |
|
|a радиационный теплообмен
|
| 610 |
1 |
|
|a тела
|
| 610 |
1 |
|
|a обтекание тел
|
| 610 |
1 |
|
|a гиперзвуковые газовые потоки
|
| 610 |
1 |
|
|a радиационный перенос
|
| 610 |
1 |
|
|a конвективный перенос
|
| 610 |
1 |
|
|a различные металлы
|
| 610 |
1 |
|
|a сферические частицы
|
| 610 |
1 |
|
|a монодисперсные системы
|
| 610 |
1 |
|
|a ослабление
|
| 610 |
1 |
|
|a поглощение
|
| 610 |
1 |
|
|a рассеяние
|
| 610 |
1 |
|
|a спектральные коэффициенты
|
| 675 |
|
|
|a 536.3
|v 4
|
| 702 |
|
1 |
|a Солоухин
|b Р. И.
|4 340
|
| 712 |
0 |
2 |
|a Академия наук Белорусской ССР
|b Институт тепло- и массообмена им. А. В. Лыкова
|c (Минск)
|2 stltpush
|3 (RuTPU)RU\TPU\col\11896
|9 25285
|
| 801 |
|
1 |
|a RU
|b 63413507
|c 20200723
|
| 801 |
|
2 |
|a RU
|b 63413507
|c 20210127
|g RCR
|
| 942 |
|
|
|c BK
|